01582nam a2200337 a 4500001001000000003000500010005001700015008004100032010001100073011001100084040000900095090001000104100005100114245019300165260004000358500006000398502013100458590004000589590004000629650003300669650005300702650005400755650004700809856007000856901000700926942001000933942000600943999001900949952014000968952013601108000113145CHAP20230607094734.0170502s2016 mx sm |||||||spa d a109606 a110578 cCHAP aTesis1 aGonzález Quiñones, Ricardo Roberto913207210aEstimación de la captura de carbono en poblaciones de lechuguilla (Agave lechuguilla Torr., 1859) mediante modelos alométricosh[En línea]cpor Ricardo Roberto González Quiñones. aDurango, Méx. :bEl autor,c2016. aPara ver el contenido del material haga clic en la liga aTesis (M.C. en Recursos Naturales y Medio Ambiente en Zonas Áridas) -- UACH. Unidad Regional Universitaria de Zonas Áridas aE5765TAJb05c20170502lUCH01h1238 aE5765TAJb05c20170502lUCH01h123914aBiomasaxMedición.913207317aDióxido de carbonoxEfecto en plantas291284814aLechuguillaxFisiología y morfología.913207514aLechuguillaxSecuestro de carbono.9132074 aFinding aiduhttp://10.13.5.2/tesis/sist113145.pdfzTeclea aquí aBK cTESIS n0 c109606d109606 00102local4053708TESISaBCbBCcPA_TESISd2017-05-02fTESISl0oTesisp33724002528223r2019-12-31 00:00:00tc.2w2019-12-31yTESIS 00104054718TESISaBCbBCd2017-05-02fTESISl0oTesisp33724002528264r2019-12-31 00:00:00w2019-12-31yTESISzRecien adquirido